Citizenship of the European union as a new political dimension of european integration

Bibliographic Details
Main Author: Breński, Wiesław (Author)
Format: Article
Language:English
ISBN:9788055706511
Subjects:

MARC

LEADER 00000nab a2200000 a 4500
001 vtls010682165
003 SK-MaSNL
005 20260318124228.0
008 150528 2013 xo 000 a eng
015 |a SNBRA 2012/09  |2 svkbbbg 
038 |a SVKBBBG 
040 |a SVKBBBG  |b slo  |c SVKBBBG  |e AACR2 
041 0 |a eng 
044 |a xo  |c SK 
072 7 |a 342  |x Ústavné právo. Správne právo  |2 konspekt 
072 7 |a 327  |x Medzinárodné vzťahy, svetová politika  |2 konspekt 
080 |a 342.71(4)  |2 2001 
080 |a 172.12  |2 2001 
080 |a 327  |2 2001 
080 |a [339.923+327](4)  |2 2001 
100 1 |a Breński, Wiesław  |4 aut  |9 804933 
245 1 0 |a Citizenship of the European union as a new political dimension of european integration  |c Wiesław Breński 
504 |a Bibliogr. odkazy 
610 2 7 |a Európska únia  |2 SNKKA  |9 29861 
650 0 7 |a občianstvo Európskej únie  |2 SNKPHnba  |9 175518 
650 0 7 |a občianstvo  |2 SNKPH  |9 24106 
650 0 7 |a politická integrácia  |2 SNKPH  |9 2141 
650 0 7 |a európska integrácia  |2 SNKPH  |9 2140 
773 0 |t Dimenzie občianstva Európskej únie : zborník vedeckých prác k Európskemu roku občanov 2013  |d Banská Bystrica : Belianum, 2013  |g S.20-29  |z 9788055706511 
852 |a SVKBB  |b KIS3GCP 
958 |a NB 
999 |c 2877225  |d 2879155